000 01162nam a22002777a 4500
003 OSt
005 20250911153215.0
008 240214b ||||| |||| 00| 0 eng d
040 _c0
082 _aDPer 621.317 Ie21 May 2022 v. 37 n. 5
100 _aFang, Xiongfeng.
_eauthor.
_952359
245 _aAn energy absorbing method for hybrid MMCs to avoid full-bridge submodule overvoltage during DC fault blocking /
_cXiongfeng Fang, Gen Li, Canfeng Chen, Dongyu Wang, Jian Xiong, and Kai Zhang.
260 _aNew York ;
_bThe Institute of Electrical and Electronics Engineers, Inc. ,
_cMay 2022.
300 _aVolume 37, pages 4947-4951 :
_billustration ;
_c28 cm.
500 _aIEEE Transactions on Power Electronics, v. 37 n. 5, pages 4947-4951, May 2022.
650 0 _a Circuit faults.
_965925
650 0 _aThyristors.
_965924
650 0 _aVoltage control.
_965727
700 _aFang, Xiongfeng.
_eauthor.
_952359
700 _aLi, Gen.
_eauthor.
_952360
700 _aChen, Canfeng.
_eauthor.
_952361
700 _aWang, Dongyu.
_eauthor.
_952362
700 _aXiong, Jian.
_eauthor.
_952363
700 _aZhang, Kai.
_eauthor.
_952364
942 _2ddc
_cPER
999 _c19144
_d19144